| 000 | 004640000a22001810004500 | ||
|---|---|---|---|
| 003 | MACL | ||
| 005 | 20150929115429.0 | ||
| 008 | 150929b xxu||||| |||| 00| 0 eng d | ||
| 040 |
_aMACL _cMACL |
||
| 041 | _aEnglish | ||
| 082 | _a891/BHA | ||
| 100 |
_aBhattacherje,Sukumari _912605 |
||
| 245 | _aBuddhist Hybrid Sanskrit Literature | ||
| 260 |
_bThe Asiatic Society _c1992 _aCalcutta |
||
| 350 | _a75 | ||
| 650 |
_aIndian Liteature _912395 |
||
| 942 |
_cBK _k891 _2ddc |
||
| 999 |
_c3645 _d3645 |
||